Ổn định Generic và thành phần cốt yếu của điểm KKM và ứng dụng : Luận văn thạc sĩ toán học. Chuyên ngành : Giải tích
Trình bày các định lí kiểu KKM và một số dạng tương đương của nó như định lí điểm trùng cùng các dạng hình học, trong một không gian thuộc loại tổng quát nhất hiện nay là GFC không gian. Nghiên cứu tính ổn định và thành phần cốt yếu của t...
Kaydedildi:
| Yazar: | |
|---|---|
| Materyal Türü: | Kitap |
| Dil: | Undetermined |
| Baskı/Yayın Bilgisi: |
Cần Thơ
Trường Đại học Cần Thơ
2009
|
| Konular: | |
| Etiketler: |
Etiketle
Etiket eklenmemiş, İlk siz ekleyin!
|
| Thư viện lưu trữ: | Trung tâm Học liệu Trường Đại học Cần Thơ |
|---|
| LEADER | 01237nam a2200217Ia 4500 | ||
|---|---|---|---|
| 001 | CTU_157274 | ||
| 008 | 210402s9999 xx 000 0 und d | ||
| 082 | |a 515.64 | ||
| 082 | |b Nh464 | ||
| 088 | |a 604601 | ||
| 100 | |a Nguyễn, Thành Nhơn | ||
| 245 | 0 | |a Ổn định Generic và thành phần cốt yếu của điểm KKM và ứng dụng : | |
| 245 | 0 | |b Luận văn thạc sĩ toán học. Chuyên ngành : Giải tích | |
| 245 | 0 | |c Nguyễn Thành Nhơn; Nguyễn Xuân Hải (Hướng dẫn khoa học) | |
| 260 | |a Cần Thơ | ||
| 260 | |b Trường Đại học Cần Thơ | ||
| 260 | |c 2009 | ||
| 520 | |a Trình bày các định lí kiểu KKM và một số dạng tương đương của nó như định lí điểm trùng cùng các dạng hình học, trong một không gian thuộc loại tổng quát nhất hiện nay là GFC không gian. Nghiên cứu tính ổn định và thành phần cốt yếu của tập các điểm T-KKM. | ||
| 650 | |a Calculus of variations,Functionals,Vi phân biến thiên,Hàm số | ||
| 904 | |i Năm | ||
| 980 | |a Trung tâm Học liệu Trường Đại học Cần Thơ | ||